Statystyki dla 15 krajów o największej liczbie zgonów Covid19 - 14 grudnia

Kliknij tutaj aby rozwiązać quiz!

Ogólne statystyki

  • Ten quiz został rozwiązany 30 razy
  • Średni wynik to 12 z 21

Statystyki odpowiedzi

kraj% Poprawnych
Polska
96%
Włochy
96%
Francja
93%
Stany Zjednoczone
93%
Brazylia
89%
Hiszpania
89%
Rosja
85%
Indie
81%
Meksyk
70%
Wielka Brytania
70%
Argentyna
67%
Kolumbia
52%
Czechy
37%
Belgia
33%
Peru
33%
Republika
Południowej Afryki
33%
Iran
30%
Słowenia
19%
Armenia
11%
Bośnia i Hercegowina
11%
Macedonia Północna
7%

Rozkład punktacji

Percentyl według liczby udzielonych odpowiedzi

Procent ludzi z każdym wynikiem

Twoja historia wyników

Nie rozwiązałeś tego quizu